Central Library OPAC University of Rajshahi

A historical geography of Ghana / (Record no. 23236)

MARC details
000 -LEADER
fixed length control field 00933nam a2200277 4500
001 - CONTROL NUMBER
control field 23236
003 - CONTROL NUMBER IDENTIFIER
rucl marc code BD-RjUL
005 - DATE AND TIME OF LATEST TRANSACTION
control field 20211209000916.0
008 - FIXED-LENGTH DATA ELEMENTS--GENERAL INFORMATION
fixed length control field 140310s1969 enkab b 001 0 eng
020 ## - INTERNATIONAL STANDARD BOOK NUMBER
International Standard Book Number 052107102X
035 ## - SYSTEM CONTROL NUMBER
System control number (BD-RjUL)23301
040 ## - CATALOGING SOURCE
Original cataloging agency DLC
Transcribing agency DLC
Modifying agency DLC
-- BD-RjUL
Language of cataloging eng
041 ## - LANGUAGE CODE
Language code of text/sound track or separate title eng
082 00 - DEWEY DECIMAL CLASSIFICATION NUMBER
Classification number 330.9667
Author mark and year DIH 1969
100 1# - MAIN ENTRY--PERSONAL NAME
Personal name Dickson, Kwamina B.
9 (RLIN) 71623
245 12 - TITLE STATEMENT
Title A historical geography of Ghana /
Statement of responsibility, etc. Kwamina B. Dickson.
260 ## - PUBLICATION, DISTRIBUTION, ETC. (IMPRINT)
Place of publication, distribution, etc. London :
Name of publisher, distributor, etc. Cambridge U.P.,
Date of publication, distribution, etc. c1969.
300 ## - PHYSICAL DESCRIPTION
Pagination xiv, 379 p. :
Illustrations ill . ;
Size 24 cm.
350 ## - PRICE (NR) (BK AM CF MU VM SE) [OBSOLETE]
Price 7/10/-
-- ($23.50)
504 ## - BIBLIOGRAPHY, ETC. NOTE
Bibliography, etc Bibliography: p. 360-366. and index.
651 #0 - SUBJECT ADDED ENTRY--GEOGRAPHIC NAME
Geographic name Ghana
General subdivision Economic conditions.
9 (RLIN) 8846
856 42 - ELECTRONIC LOCATION AND ACCESS
Materials specified Publisher description
Uniform Resource Identifier <a href="http://www.loc.gov/catdir/enhancements/fy1302/69019375-d.html">http://www.loc.gov/catdir/enhancements/fy1302/69019375-d.html</a>
Materials specified Table of contents only
Uniform Resource Identifier <a href="http://www.loc.gov/catdir/enhancements/fy1302/69019375-t.html">http://www.loc.gov/catdir/enhancements/fy1302/69019375-t.html</a>
942 ## - ADDED ENTRY ELEMENTS (KOHA)
Source of classification or shelving scheme Dewey Decimal Classification
Koha item type Books
Holdings
Lost status Source of classification or shelving scheme Damaged status Not for loan Collection code Permanent Location Current Location Shelving location Date acquired Source of acquisition Cost, normal purchase price Total Checkouts Full call number Date last seen Copy number Koha item type
  Dewey Decimal Classification     Non-fiction Central Library, University of Rajshahi Central Library, University of Rajshahi   19/09/1970 Zitlinger 85.00   330.9667 DIH 1969 10/03/2014 C-2 Books
  Dewey Decimal Classification   Not For Loan Non-fiction Central Library, University of Rajshahi Central Library, University of Rajshahi Reading Room 10/01/1970 Sweets & Zeitlinger 150.00   330.9667 DIH 1969 17/07/2016 C-1 Books